| 000 | 00904cam a2200205 4500 | ||
|---|---|---|---|
| 008 | 000000n2004 000 0 eng u | ||
| 020 | _a1904829015 | ||
| 035 | _a(Sirsi) u126307 | ||
| 050 | _a690.24 | ||
| 110 |
_aBuilding Maintenance Information _93229 |
||
| 245 | _aReview of rehabilitation costs | ||
| 260 |
_aLondon _bBMI _c2004 |
||
| 300 |
_a13p. _c30cm. |
||
| 490 |
_aBMI Special Report _v329 |
||
| 520 | _aThis study provides information on the average amount spent on the rehabilitation of existing buildings. It is based on the analysis of contracts for over 2150 building projects. This item is part of a subscription service and cannot be photocopied. Neither can any part of it be read out over the phone. Please contact BMI direct on +44 (0)20 7695 1500 for details. | ||
| 650 | _aCONVERSION COSTS | ||
| 650 | _aREHABILITATION COSTS | ||
| 690 |
_aRefurbishment _96264 |
||
| 942 | _n0 | ||
| 999 |
_c103601 _d103601 |
||